Mercedes-Benz Models - Statistics

General Stats
  • This quiz has been taken 633 times
    404 since last reset
  • The average score is 11 of 20
Answer Stats
Picture Answer % Correct
S-Class
83%
E-Class
82%
G-Class
82%
A-Class
81%
C-Class
80%
CLA
74%
AMG GT
64%
AMG One
64%
SLS
61%
EQS
59%
GLS
59%
Sprinter
57%
EQE
56%
SLR Mclaren
54%
Viano/V-Class
52%
EQB
37%
SL-Class
26%
Citan/T-Class
22%
GLK-Class
18%
AMG GT Coupe (4-door)
10%
No matching quizzes found
Score Distribution
Percent of People with Each Score
Percentile by Number Answered
Your Score History
You have not taken this quiz since the last reset